Heroes Of Might & Magic III Towns Quiz - Statistics

General Stats
  • This quiz has been taken 63 times
  • The average score is 8 of 9
Answer Stats
Hint Town % Correct
The one with Angels Castle
98%
The 'dead' town Necropolis
96%
The 'fire' town Inferno
93%
The one with Genies Tower
91%
The one with Medusas Dungeon
89%
With all the elementals Conflux
88%
The one with unicorns Rampart
84%
The one with Behemoths Stronghold
84%
The one with Hydras Fortress
79%
No matching quizzes found
Score Distribution
Percent of People with Each Score
Percentile by Number Answered
Your Score History
You have not taken this quiz